[Event "Aktobe U14 op"]
[Site "Aqtobe"]
[Date "2022.06.18"]
[Round "6"]
[White "Myrzabek, Rasul"]
[Black "Petukhov, Alan"]
[Result "0-1"]
[WhiteElo "1375"]
[BlackElo "1967"]
[PlyCount "36"]
[EventDate "2022.06.14"]
[EventType "swiss"]
[EventRounds "9"]
[EventCountry "KAZ"]
[SourceTitle "EXT 2023"]
[Source "ChessBase"]
[SourceDate "2022.10.05"]
[SourceVersion "1"]
[SourceVersionDate "2022.10.05"]
[SourceQuality "1"]

1. e4 c5 2. Nf3 Nc6 3. d4 cxd4 4. Nxd4 Nf6 5. Nc3 e5 6. Ndb5 d6 7. Bg5 a6 8. Na3 b5 9. Nd5 Be7 10. c4 Nxd5 11. Qxd5 Bxg5 12. Qxc6+ Bd7 13. Qxd6 Qa5+ 14. Kd1 Rd8 15. Kc2 b4 16. Nb5 axb5 17. Qxe5+ Be6 18. Bd3 b3+ 0-1

[Event "Aktobe U14 op"]
[Site "Aqtobe"]
[Date "2022.06.16"]
[Round "4"]
[White "Myrzabek, Rasul"]
[Black "Akhmet, Suleyman"]
[Result "1-0"]
[WhiteElo "1375"]
[BlackElo "1457"]
[PlyCount "72"]
[EventDate "2022.06.14"]
[EventType "swiss"]
[EventRounds "9"]
[EventCountry "KAZ"]
[SourceTitle "EXT 2023"]
[Source "ChessBase"]
[SourceDate "2022.10.05"]
[SourceVersion "1"]
[SourceVersionDate "2022.10.05"]
[SourceQuality "1"]

1. d4 Nf6 2. c4 b6 3. Nc3 Bb7 4. e3 g6 5. Nf3 Bg7 6. Be2 0-0 7. b3 d6 8. Bb2 Nbd7 9. Qc2 a6 10. 0-0 Qe8 11. Rfd1 e6 12. e4 Qe7 13. Rac1 e5 14. dxe5 dxe5 15. Nd5 Nxd5 16. cxd5 Rac8 17. Bd3 Bh6 18. Rb1 Rfe8 19. Bc1 Bxc1 20. Rbxc1 Nc5 21. Bc4 Rf8 22. b4 Nd7 23. b5 a5 24. Nd2 Nf6 25. Bf1 Rfd8 26. Nc4 Ne8 27. Qb2 f6 28. g3 Nd6 29. Nxd6 cxd6 30. Bh3 Rc5 31. Rxc5 dxc5 32. Qd2 Rd6 33. f4 f5 34. Bg2 Bc8 35. Re1 Qe8 36. exf5 e4 1-0